[Event "Mondiale Semilampo 2016"]
[Site "Doha QAT"]
[Date "2016.12.28"]
[Round "11.42"]
[White "Sanal, Vahap"]
[Black "Adhiban, Baskaran"]
[Result "1/2-1/2"]
[WhiteTitle "GM"]
[BlackTitle "GM"]
[WhiteElo "2474"]
[BlackElo "2666"]
[WhiteFideId "6300545"]
[BlackFideId "5018471"]
[EventDate "2016.12.26"]

1. e4 e5 2. Nf3 Nc6 3. Bb5 a6 4. Ba4 d6 5. d4 b5 6. Bb3 Nxd4 7. Nxd4 exd4 8. c3
dxc3 9. Nxc3 Nf6 10. e5 dxe5 11. Bxf7+ Ke7 12. Qb3 c5 13. Bd5 c4 14. Qd1 Nxd5
15. Nxd5+ Ke6 16. Qg4+ Kxd5 17. Qd1+ Kc6 18. Qxd8 Bb4+ 19. Qd2 Bxd2+ 20. Bxd2
Bf5 21. O-O-O Bd3 22. Bc3 e4 23. Rhe1 Rhf8 24. f3 Rae8 25. fxe4 Bxe4 26. g3 g6
27. Bb4 Rf6 28. b3 Rfe6 29. bxc4 bxc4 30. Kb2 Bd3 31. Bd2 Kd5 32. Kc3 Re2 33. h4
a5 34. g4 R8e4 35. Rxe2 Rxe2 36. h5 gxh5 37. gxh5 Rh2 38. h6 Rh3 39. Re1 Bb1+
40. Kb2 Bxa2 41. Ra1 Rh2 42. Kc3 Rh3+ 43. Kb2 Bb3 44. Rxa5+ Kd4 45. Ra7 Kd3 46.
Rd7+ Ke2 47. Bg5 Rh5 48. Rg7 Kd3 49. Rd7+ Ke4 50. Bd2 Rh2 51. Kc3 Rh3+ 52. Kb2
Rh2 53. Kc3 Rh3+ 54. Kb2 Rh2 1/2-1/2

[Event "Mondiale Semilampo 2016"]
[Site "Doha QAT"]
[Date "2016.12.28"]
[Round "11.43"]
[White "Lu, Shanglei"]
[Black "Tari, Aryan"]
[Result "1-0"]
[WhiteTitle "GM"]
[BlackTitle "GM"]
[WhiteElo "2627"]
[BlackElo "2584"]
[WhiteFideId "8603332"]
[BlackFideId "1510045"]
[EventDate "2016.12.26"]

1. e4 c6 2. Nc3 d5 3. Nf3 Nf6 4. e5 Ne4 5. Ne2 Qb6 6. d4 e6 7. Nfg1 f6 8. f3 Ng5
9. exf6 gxf6 10. f4 Nf7 11. Nf3 e5 12. Ng3 e4 13. Nh4 c5 14. Nhf5 cxd4 15. Qxd4
Qxd4 16. Nxd4 Nc6 17. Nb5 Bb4+ 18. c3 Ba5 19. Be3 a6 20. Nd4 Bd7 21. Nh5 Ke7 22.
O-O-O Bg4 23. Be2 Bxe2 24. Nxe2 Rhg8 25. Rxd5 Rxg2 26. Bc5+ Ke6 27. Rhd1 f5 28.
Neg3 Rd8 29. c4 Bc7 30. Nxf5 Rxd5 31. Rxd5 Nfe5 32. Nfg7+ Kf7 33. fxe5 Nxe5 34.
Bd4 Nd3+ 35. Kd1 Bxh2 36. Rd7+ Kg6 37. Rxb7 a5 38. c5 Nf4 39. c6 Nxh5 40. Nxh5
Kxh5 41. Rxh7+ Kg4 42. Rxh2 Rxh2 43. c7 Rh1+ 44. Kc2 Rh2+ 45. Kc3 Rh3+ 46. Kc4 1-0

[Event "Mondiale Semilampo 2016"]
[Site "Doha QAT"]
[Date "2016.12.28"]
[Round "11.44"]
[White "Flores, Diego"]
[Black "Pichot, Alan"]
[Result "1-0"]
[WhiteTitle "GM"]
[BlackTitle "GM"]
[WhiteElo "2579"]
[BlackElo "2544"]
[WhiteFideId "108049"]
[BlackFideId "110973"]
[EventDate "2016.12.26"]

1. Nf3 Nf6 2. c4 e6 3. g3 d5 4. Bg2 Be7 5. O-O O-O 6. d4 dxc4 7. Qc2 b5 8. a4 b4
9. Nbd2 Bb7 10. Nxc4 Nbd7 11. Bf4 Be4 12. Qd2 c5 13. Rfd1 cxd4 14. Nxd4 Rc8 15.
Nd6 Bxg2 16. Nxc8 Bd5 17. Nxe7+ Qxe7 18. Bg5 h6 19. Bxf6 Nxf6 20. Rac1 a5 21. f3
Qa7 22. Kg2 e5 23. Nc6 Qb7 24. Nxe5 Re8 25. Nd3 Qe7 26. Nf4 Bb3 27. Re1 Rd8 28.
Nd3 Nd5 29. Rc5 Ne3+ 30. Kf2 Nc4 31. Qc1 Nb6 1-0

[Event "Mondiale Semilampo 2016"]
[Site "Doha QAT"]
[Date "2016.12.28"]
[Round "11.45"]
[White "Atabayev, Maksat"]
[Black "Mchedlishvili, Mikheil"]
[Result "0-1"]
[WhiteTitle "GM"]
[BlackTitle "GM"]
[WhiteElo "2492"]
[BlackElo "2601"]
[WhiteFideId "14001101"]
[BlackFideId "13600966"]
[EventDate "2016.12.26"]

1. Nf3 d5 2. b3 Bg4 3. Ne5 Bf5 4. Bb2 f6 5. Nf3 e5 6. e3 c5 7. d3 Nc6 8. Nbd2
Nh6 9. e4 Be6 10. g3 Qd7 11. Bg2 Be7 12. O-O O-O 13. exd5 Bxd5 14. a3 Rfd8 15.
Re1 Rac8 16. Ne4 Be6 17. Nfd2 Nd4 18. Nf1 Bg4 19. f3 Be6 20. Bc1 Nf7 21. Ne3 f5
22. Nf2 Bf6 23. Rb1 b5 24. c4 Rb8 25. Bd2 Re8 26. Nc2 Nc6 27. Be3 Be7 28. f4
bxc4 29. dxc4 e4 30. Qxd7 Bxd7 31. b4 cxb4 32. axb4 Nxb4 33. Nxb4 Rxb4 34. Bxa7
Rxc4 35. Nd1 Rc7 36. Bd4 g6 37. Ne3 Be6 38. Bf1 Rec8 39. Ba6 Ra8 40. Bb5 Rb8 41.
Ba6 Rxb1 42. Rxb1 Rd7 43. Rd1 Bb3 44. Rb1 Rxd4 45. Rxb3 Bc5 46. Kf1 Ra4 47. Be2
Ra1+ 48. Nd1 Ra7 49. Rb5 Rc7 50. Nc3 Bd4 51. Rb8+ Kg7 52. Nb5 Rd7 53. Bc4 Ba7
54. Ra8 Bc5 55. Rc8 Bb6 56. Rb8 Ba5 57. Kg2 h5 58. Ra8 Bb4 59. Ra7 Rxa7 60. Nxa7
Nd6 61. Be2 Bd2 62. Nb5 Nb7 63. Bc4 Nc5 64. Nc7 Kf6 65. Kf1 Ba5 66. Nd5+ Kg7 67.
Ne7 Na4 68. Nc6 Bb6 69. Ne5 Bc7 70. Nf7 Nb2 71. Bb3 Nd3 72. Ng5 Bb6 73. Bc4 Nb4
74. Ke2 Nc6 75. Kf1 Bd8 76. Ne6+ Kf6 77. Bd5 Nb4 78. Bc4 Bb6 79. Ng5 Nc2 80. Bb3
Nd4 81. Bc4 Nc2 82. Bb3 Ne3+ 83. Ke2 Ng4 84. h3 Nf2 85. Bc4 Nh1 86. g4 Ng3+ 87.
Ke1 hxg4 88. hxg4 fxg4 89. Be6 Be3 90. Bxg4 Bxf4 91. Ne6 Bd6 92. Kf2 Nf5 93. Nd8
Kg5 94. Be2 Bc5+ 95. Kg2 Nd4 96. Bc4 Kf6 97. Kf1 Nf5 98. Ke2 Nd4+ 99. Kf1 g5
100. Nb7 Bb4 101. Nd8 g4 102. Bd5 e3 103. Bc4 Be7 104. Nb7 Ke5 105. Na5 Kf4 106.
Ba6 Bb4 0-1

[Event "Mondiale Semilampo 2016"]
[Site "Doha QAT"]
[Date "2016.12.28"]
[Round "11.46"]
[White "Agdestein, Simen"]
[Black "Aleksandrov, Aleksej"]
[Result "0-1"]
[WhiteTitle "GM"]
[BlackTitle "GM"]
[WhiteElo "2602"]
[BlackElo "2574"]
[WhiteFideId "1500015"]
[BlackFideId "13500139"]
[EventDate "2016.12.26"]

1. c4 e6 2. Nf3 d5 3. d4 Nf6 4. Nc3 Bb4 5. e3 O-O 6. Bd3 c5 7. O-O dxc4 8. Bxc4
Nbd7 9. a3 cxd4 10. axb4 dxc3 11. bxc3 Qc7 12. Qe2 b6 13. Bb2 Bb7 14. Nd4 e5 15.
Nf5 e4 16. Ba6 Bxa6 17. Rxa6 Ne5 18. c4 Rfe8 19. c5 Neg4 20. f4 exf3 21. gxf3
Ne5 22. f4 Ng6 23. Bxf6 gxf6 24. Qb2 Qc6 25. Rd1 Qf3 26. Qc2 Rad8 27. Raa1 Qg4+
28. Kf2 Qh3 29. Rh1 Nh4 30. Rag1+ Kf8 31. Nxh4 Qxe3+ 32. Kg2 Rd2+ 33. Qxd2 Qxd2+
34. Kg3 Qe3+ 35. Kg4 Qe2+ 36. Kg3 Re3+ 0-1

[Event "Mondiale Semilampo 2016"]
[Site "Doha QAT"]
[Date "2016.12.28"]
[Round "11.47"]
[White "Bok, Benjamin"]
[Black "Atabayev, Yusup"]
[Result "1-0"]
[WhiteTitle "GM"]
[BlackTitle "IM"]
[WhiteElo "2598"]
[BlackElo "2473"]
[WhiteFideId "1017063"]
[BlackFideId "14001128"]
[EventDate "2016.12.26"]

1. e4 c5 2. Nf3 Nc6 3. Bb5 e6 4. O-O Nge7 5. Nc3 Nd4 6. Nxd4 cxd4 7. Ne2 a6 8.
Ba4 b5 9. Bb3 Nc6 10. d3 Bc5 11. Bd2 O-O 12. Ng3 Qh4 13. Qc1 h6 14. f4 Bb7 15.
Be1 Qd8 16. f5 Be7 17. Bd2 Bg5 18. Bxg5 Qxg5 19. Qxg5 hxg5 20. f6 Ne5 21. Ne2
gxf6 22. Rxf6 Kg7 23. Raf1 Ng4 24. R6f3 f5 25. Rg3 Ne3 26. Re1 g4 27. exf5 exf5
28. Nf4 Kf6 29. c3 Rac8 30. cxd4 Nc2 31. Bxc2 Rxc2 32. Rge3 Kg5 33. g3 Rh8 34.
R3e2 Rxe2 35. Rxe2 Bf3 36. Rc2 Re8 37. Rc1 Re7 38. Kf2 Bb7 39. Rc7 Bh1 40. h4+
gxh3 41. Nxh3+ 1-0

[Event "Mondiale Semilampo 2016"]
[Site "Doha QAT"]
[Date "2016.12.28"]
[Round "11.48"]
[White "Grandelius, Nils"]
[Black "Neelotpal, Das"]
[Result "1-0"]
[WhiteTitle "GM"]
[BlackTitle "GM"]
[WhiteElo "2643"]
[BlackElo "2463"]
[WhiteFideId "1710400"]
[BlackFideId "5003512"]
[EventDate "2016.12.26"]

1. e4 e6 2. d4 d5 3. Nd2 Nf6 4. e5 Nfd7 5. Bd3 c5 6. c3 Nc6 7. Ne2 cxd4 8. cxd4
f6 9. exf6 Nxf6 10. O-O Bd6 11. Nf3 O-O 12. Ng3 Bd7 13. Re1 Qb6 14. b3 Kh8 15.
Bb2 Ng4 16. Re2 Rae8 17. Qe1 Nb4 18. Bb1 Bb5 19. Rd2 Nc6 20. h3 Nh6 21. a3 Bf4
22. Kh1 Bxd2 23. Qxd2 Nf5 24. Nh5 Qd8 25. a4 Ba6 26. b4 Bc4 27. b5 Na5 28. Ra3
b6 29. Ne5 Qh4 30. Nf4 Qh6 31. Bxf5 Rxf5 32. Rf3 Nb7 33. g4 Rxf4 34. Qxf4 Qxf4
35. Rxf4 Bb3 36. Rf7 Na5 37. Rxa7 Bxa4 38. Bc3 Bxb5 39. Nf7+ Kg8 40. Nd6 Nc6 41.
Rc7 1-0

[Event "Mondiale Semilampo 2016"]
[Site "Doha QAT"]
[Date "2016.12.28"]
[Round "11.49"]
[White "Belyakov, Bogdan"]
[Black "Bindrich, Falko"]
[Result "0-1"]
[WhiteTitle "IM"]
[BlackTitle "GM"]
[WhiteElo "2487"]
[BlackElo "2590"]
[WhiteFideId "24104795"]
[BlackFideId "4676670"]
[EventDate "2016.12.26"]

1. e4 e5 2. Nf3 Nc6 3. Bc4 Bc5 4. b4 Bxb4 5. c3 Be7 6. d4 Na5 7. Nxe5 Nxc4 8.
Nxc4 d5 9. exd5 Nf6 10. O-O Nxd5 11. Ne5 O-O 12. c4 Nb6 13. Na3 f6 14. Nf3 Bg4
15. Bb2 Re8 16. Rc1 Qd7 17. Qb3 Kh8 18. h3 Bh5 19. d5 Na4 20. Nd4 Nxb2 21. Qxb2
c6 22. Ne6 Rac8 23. Qb3 Bf7 24. Rfe1 Bd6 25. Nc2 c5 26. Na3 b6 27. Nb5 Bb8 28.
Qe3 a6 29. Nc3 Be5 30. f4 Bd4 0-1

[Event "Mondiale Semilampo 2016"]
[Site "Doha QAT"]
[Date "2016.12.28"]
[Round "11.50"]
[White "Darini, Pouria"]
[Black "Gashimov, Sarkhan"]
[Result "1-0"]
[WhiteTitle "GM"]
[WhiteElo "2511"]
[BlackElo "2351"]
[WhiteFideId "12502200"]
[BlackFideId "13400657"]
[EventDate "2016.12.26"]

1. e4 d5 2. exd5 Qxd5 3. Nc3 Qa5 4. d4 Nf6 5. Bc4 Nc6 6. Ne2 Bg4 7. Bd2 O-O-O 8.
f3 Bf5 9. a3 Bg6 10. Nd5 Nxd5 11. Bxa5 Ne3 12. Qc1 Nxc2+ 13. Kf2 Nxa5 14. Bxf7
Nxa1 15. Bxg6 N1b3 16. Bf5+ Kb8 17. Qc3 Rd6 18. d5 h5 19. Nc1 Rxd5 20. Nxb3 Nxb3
21. Qxb3 e6 22. Be4 Bc5+ 23. Ke2 1-0

[Event "Mondiale Semilampo 2016"]
[Site "Doha QAT"]
[Date "2016.12.28"]
[Round "11.51"]
[White "Maghsoodloo, Parham"]
[Black "Salinas Herrera, Pablo"]
[Result "0-1"]
[WhiteTitle "GM"]
[BlackTitle "IM"]
[WhiteElo "2584"]
[BlackElo "2466"]
[WhiteFideId "12539929"]
[BlackFideId "3407128"]
[EventDate "2016.12.26"]

1. Nf3 d5 2. g3 c6 3. Bg2 Bg4 4. O-O Nd7 5. d3 e6 6. Nbd2 Bd6 7. e4 Ne7 8. h3
Bh5 9. Re1 O-O 10. c3 Rc8 11. Qc2 c5 12. Nh4 Nb6 13. Nf1 Nc6 14. f4 dxe4 15.
dxe4 f6 16. Qf2 Qe7 17. Nf3 Bf7 18. Kh1 e5 19. f5 c4 20. g4 Na4 21. g5 Kh8 22.
Qh4 Nc5 23. N1h2 Nd3 24. Bd2 Nf4 25. Ng4 Bg8 26. Rad1 Bc7 27. Bxf4 exf4 28. e5
fxg5 29. Qh5 Rxf5 30. Nh4 Qf7 31. Qxf7 Rxf7 32. Nf3 h6 33. Nd4 Nxd4 34. cxd4 f3
35. Bf1 Ba5 36. Re3 Bb6 37. Re4 Bh7 38. Ree1 f2 39. Re2 Bd3 40. e6 Bxe2 41. Bxe2
Rf4 42. d5 Re4 43. Bf1 h5 44. Nh2 Re1 45. Rd2 Kg8 46. Kg2 Re4 47. d6 Rxe6 48. d7
Rc5 49. d8=Q+ Bxd8 50. Rxd8+ Kf7 51. Nf3 g4 52. hxg4 hxg4 53. Nd4 Rb6 54. b3 c3
55. Nc2 Ke7 56. Rd1 Re6 57. a4 g3 58. Kxg3 Rg5+ 59. Kxf2 Rf6+ 60. Ke3 Re5+ 61.
Kd4 Rd6+ 62. Kxe5 Rxd1 63. Bg2 Rd2 64. Be4 b6 65. b4 g5 66. Kf5 Kd6 67. Ne3 Rd4
68. Nc2 Rd2 69. Na3 Rf2+ 70. Kxg5 Ke5 71. Bc2 Rg2+ 72. Kh4 Kd4 73. Kh3 Rg7 74.
Kh4 Ke3 75. Kh5 Kd2 76. Bf5 Kc1 77. a5 bxa5 78. bxa5 Rc7 79. Kg4 Rc5 80. a6 Kb2
81. Nb1 c2 0-1

[Event "Mondiale Semilampo 2016"]
[Site "Doha QAT"]
[Date "2016.12.28"]
[Round "11.52"]
[White "Quintiliano Pinto, Renato R."]
[Black "Hirneise, Tobias"]
[Result "0-1"]
[WhiteTitle "IM"]
[BlackTitle "IM"]
[WhiteElo "2484"]
[BlackElo "2466"]
[WhiteFideId "2117568"]
[BlackFideId "24600881"]
[EventDate "2016.12.26"]

1. d4 d5 2. c4 c6 3. Nc3 Nf6 4. cxd5 cxd5 5. Bf4 Nc6 6. e3 Bg4 7. Qb3 Na5 8.
Qa4+ Bd7 9. Bb5 Nc6 10. Qd1 e6 11. h3 Be7 12. Nf3 O-O 13. O-O Rc8 14. Rc1 a6 15.
Bd3 b5 16. Qe2 Qa5 17. Nd2 Qb6 18. Rfd1 Na5 19. Nf3 b4 20. Nb1 Bb5 21. Nbd2 Bxd3
22. Qxd3 Qb5 23. Ne5 Qxd3 24. Nxd3 Nc4 25. Nxc4 dxc4 26. Nc5 Rfd8 27. Nxa6 Nd5
28. Nc5 c3 29. Na4 Ra8 30. b3 Nxf4 31. exf4 Bf6 32. a3 bxa3 33. Nxc3 Bxd4 34.
Na2 Bb2 35. Rxd8+ Rxd8 36. Rc2 Kf8 37. Kf1 Rd1+ 38. Ke2 Ra1 39. Nb4 Rb1 40. g3
Bf6 41. Rc8+ Ke7 42. Ra8 Rxb3 43. Nc2 Rb2 44. Kd3 a2 45. Ra7+ Ke8 46. Ra8+ Kd7
47. Ra7+ Kc8 48. Nd4 Rb1 49. Nc2 Rb3+ 50. Ke4 Rb2 51. Nd4 Rb4 0-1

[Event "Mondiale Semilampo 2016"]
[Site "Doha QAT"]
[Date "2016.12.28"]
[Round "11.53"]
[White "Bosiocic, Marin"]
[Black "Kozul, Zdenko"]
[Result "1-0"]
[WhiteTitle "GM"]
[BlackTitle "GM"]
[WhiteElo "2591"]
[BlackElo "2613"]
[WhiteFideId "14507927"]
[BlackFideId "14502879"]
[EventDate "2016.12.26"]

1. c4 Nf6 2. Nc3 e5 3. g3 d5 4. cxd5 Nxd5 5. Bg2 Nb6 6. Nf3 Nc6 7. O-O Be7 8.
Rb1 a5 9. d3 O-O 10. Be3 Be6 11. Bxb6 cxb6 12. Qa4 Rc8 13. Rbc1 Nd4 14. Nxd4
exd4 15. Nb5 Qd7 16. b3 Rxc1 17. Rxc1 Bc5 18. a3 Rd8 19. b4 axb4 20. axb4 Bd6
21. Bxb7 Bf8 22. Rc7 1-0

[Event "Mondiale Semilampo 2016"]
[Site "Doha QAT"]
[Date "2016.12.28"]
[Round "11.54"]
[White "Al-Sayed, Mohammed"]
[Black "Ghaem Maghami, Ehsan"]
[Result "1/2-1/2"]
[WhiteTitle "GM"]
[BlackTitle "GM"]
[WhiteElo "2508"]
[BlackElo "2574"]
[WhiteFideId "12100196"]
[BlackFideId "12500739"]
[EventDate "2016.12.26"]

1. d4 Nf6 2. c4 e6 3. Nf3 c5 4. d5 b5 5. dxe6 fxe6 6. cxb5 a6 7. bxa6 Bxa6 8. g3
Nc6 9. Bg2 Be7 10. O-O O-O 11. Re1 Qb6 12. Nc3 c4 13. Na4 Qa5 14. Bd2 Qh5 15. b3
Rad8 16. bxc4 Bxc4 17. Qc2 Bd5 18. Nc3 Bxf3 19. Bxf3 Nd4 20. Qd3 Nxf3+ 21. exf3
Bc5 22. Qe2 Bd4 23. Kg2 Ra8 24. a4 Nd5 25. Nxd5 Qxd5 26. Ra3 Ra7 27. Qe4 Qc5 28.
Rd3 Rxa4 29. Be3 e5 30. Bxd4 Rxd4 31. Rxd4 exd4 32. Rd1 Rf7 33. Rxd4 Qe7 34. Ra4
g6 35. h4 Kg7 36. Ra7 Qf6 37. Qd5 Qc6 38. Qxc6 dxc6 39. Ra5 Rc7 40. Rc5 Kf6 41.
f4 Ke6 42. Kf3 Kd6 43. Rc1 c5 44. h5 gxh5 45. Rd1+ Ke6 46. Rh1 c4 47. Rxh5 c3
48. Rh1 Kd5 49. f5 Ke5 50. g4 c2 51. Rc1 Rc4 52. Ke3 Rxg4 1/2-1/2

[Event "Mondiale Semilampo 2016"]
[Site "Doha QAT"]
[Date "2016.12.28"]
[Round "11.55"]
[White "Svane, Rasmus"]
[Black "Tissir, Mohamed"]
[Result "1-0"]
[WhiteTitle "GM"]
[BlackTitle "IM"]
[WhiteElo "2555"]
[BlackElo "2376"]
[WhiteFideId "4657101"]
[BlackFideId "9000240"]
[EventDate "2016.12.26"]

1. d4 Nf6 2. Nf3 g6 3. c4 Bg7 4. Nc3 O-O 5. e4 d6 6. Be2 e5 7. O-O Nc6 8. dxe5
Nxe5 9. Nxe5 dxe5 10. Be3 c6 11. Qa4 Bg4 12. Bxg4 Nxg4 13. Bc5 Re8 14. h3 Nf6
15. Rfd1 Qc8 16. Bd6 Nd7 17. b4 Nf8 18. c5 Ne6 19. b5 Nd4 20. Qc4 Re6 21. Rab1
Qd7 22. bxc6 bxc6 23. Qa6 Rxd6 24. cxd6 Qxd6 25. Qc4 Qe7 26. Ne2 c5 27. Rb2 Rf8
28. Rdb1 h5 29. Rb8 Rxb8 30. Rxb8+ Kh7 31. Nxd4 exd4 32. Qd5 f5 33. e5 Qg5 34.
Qxc5 Qd2 35. Rb1 d3 36. Qd5 Qe2 37. Qf3 Qxa2 38. Qxd3 Bxe5 39. Rb7+ Bg7 40. Qd7
Qa1+ 41. Kh2 Qe5+ 42. g3 f4 43. gxf4 Qxf4+ 44. Kg2 Qe4+ 45. Kf1 Qh1+ 46. Ke2
Qe4+ 47. Kd2 Qf4+ 48. Ke1 Qc1+ 49. Ke2 Qc2+ 50. Kf3 Qc3+ 51. Kg2 a5 52. Rc7 Qe5
53. Qe7 Qd5+ 54. Kg1 Qd1+ 55. Kg2 Qd5+ 56. Kh2 Qd4 57. Qc5 Qf4+ 58. Kg1 a4 59.
Ra7 Qe4 60. Qc3 Qb1+ 61. Kg2 Qe4+ 62. Kh2 Qf4+ 63. Kg1 Qg5+ 64. Kf1 Qb5+ 65. Kg1
Qb1+ 66. Kg2 Qe4+ 67. Qf3 Qd4 68. Rf7 Qb2 69. Ra7 Qb5 70. Qf6 Qd5+ 71. Kg1 Qg8
72. Qe7 Kh6 73. Qe3+ Kh7 74. Rxa4 Qd5 75. Ra7 Kh8 76. Qe8+ Kh7 77. Qe7 Qd1+ 78.
Kg2 Qd5+ 79. Kh2 Qd4 80. Qe3 Qd6+ 81. Qg3 Qc5 82. Rc7 Qf5 83. Re7 Kh8 84. Re8+
Kh7 85. Re3 Bd4 86. Re2 Kh6 87. Kg1 Kh7 88. Re7+ Kh6 89. Re2 Kh7 90. Kg2 Kh6 91.
h4 Kh7 92. Qf3 Qd7 93. Rd2 Qa7 94. Qe4 Bc5 95. Qc6 Kh6 96. Rd7 Qa3 97. Qf6 Qa8+
98. Kg1 Bxf2+ 99. Qxf2 Qa1+ 100. Qf1 1-0

[Event "Mondiale Semilampo 2016"]
[Site "Doha QAT"]
[Date "2016.12.28"]
[Round "11.56"]
[White "Saeed, Ishaq"]
[Black "Christiansen, Johan-Sebastian"]
[Result "0-1"]
[WhiteTitle "FM"]
[BlackTitle "IM"]
[WhiteElo "2312"]
[BlackElo "2429"]
[WhiteFideId "9301453"]
[BlackFideId "1512668"]
[EventDate "2016.12.26"]

1. d4 d5 2. Nf3 Nf6 3. c4 dxc4 4. e3 e6 5. Bxc4 a6 6. O-O b5 7. Bd3 Bb7 8. a4 b4
9. Nbd2 Nbd7 10. Qe2 c5 11. a5 Be7 12. Nc4 O-O 13. Rd1 Qb8 14. e4 cxd4 15. e5
Bxf3 16. gxf3 Nd5 17. Kh1 Nc5 18. Rg1 Rc8 19. Bh6 g6 20. Rg4 Qb5 21. Rc1 Rc7 22.
Kg2 Rac8 23. Nd6 Qxd3 24. Qxd3 Nxd3 25. Nxc8 Nxc1 26. Nxe7+ Nxe7 27. Rxd4 Nd5
28. Rd1 Nb3 29. Bg5 Rc8 30. h4 Kg7 31. h5 h6 32. Bf6+ Nxf6 33. exf6+ Kxf6 34.
hxg6 fxg6 35. Rd6 Nxa5 36. Rxa6 Nc4 37. b3 Nd2 38. Rb6 Nxb3 39. Rxb4 Na5 40. Rb5
Nc6 41. Rc5 Ne7 0-1

[Event "Mondiale Semilampo 2016"]
[Site "Doha QAT"]
[Date "2016.12.28"]
[Round "11.57"]
[White "Shytaj, Luca"]
[Black "Zhang, Zhong"]
[Result "0-1"]
[WhiteTitle "IM"]
[BlackTitle "GM"]
[WhiteElo "2435"]
[BlackElo "2645"]
[WhiteFideId "812633"]
[BlackFideId "8600694"]
[EventDate "2016.12.26"]

1. e4 e5 2. Nf3 Nc6 3. Bc4 Bc5 4. d3 Nf6 5. a3 a6 6. h3 d6 7. O-O Be6 8. Nc3 h6
9. Nh4 Bxc4 10. dxc4 Nxe4 11. Nxe4 Qxh4 12. Nxc5 dxc5 13. Qd5 Rd8 14. Qxc5 Rd4
15. b3 Qe4 16. a4 b6 17. Qa3 Qxc2 18. Ra2 Qg6 19. Re2 Qd6 20. f4 Rd3 21. Qa1
Rxb3 22. Bb2 O-O 23. Bxe5 Qc5+ 24. Kh1 Nxe5 25. Rxe5 Qxc4 26. Qe1 Qxa4 27. Re7
Qc6 28. Kh2 Qd6 29. Re5 a5 30. Qe4 Rb4 31. Qe3 a4 32. Rf2 Rb3 33. Qe4 a3 34. Rd5
Qb4 35. Rd4 Qc5 36. f5 Rb4 37. Rxb4 Qxf2 38. Ra4 Qb2 39. Rb4 Qd2 40. Rd4 Qf2 41.
Ra4 Qc5 42. Qf3 Qd6+ 43. Kg1 Rd8 44. Rxa3 Qd1+ 45. Qxd1 Rxd1+ 46. Kf2 Kf8 47. g4
Ke7 48. h4 Kf6 49. Kg3 Rd4 50. Rc3 c5 51. Rb3 Rb4 52. Rd3 h5 0-1

[Event "Mondiale Semilampo 2016"]
[Site "Doha QAT"]
[Date "2016.12.28"]
[Round "11.58"]
[White "khayat, Abdullah F"]
[Black "Hirneise, Jens"]
[Result "0-1"]
[BlackTitle "FM"]
[WhiteElo "1732"]
[BlackElo "2315"]
[WhiteFideId "21500460"]
[BlackFideId "24614734"]
[EventDate "2016.12.26"]

1. Nf3 c5 2. c4 Nc6 3. g3 g6 4. Bg2 Bg7 5. O-O d6 6. e4 e5 7. Nc3 Nge7 8. a3 a5
9. d3 O-O 10. Nh4 Be6 11. Be3 h6 12. Qd2 Kh7 13. Ne2 Qd7 14. f4 exf4 15. Nxf4
Nd4 16. Nxe6 fxe6 17. Bxd4 Bxd4+ 18. Kh1 Nc6 19. Rxf8 Rxf8 20. Rf1 Rxf1+ 21.
Bxf1 Qg7 22. b3 Bb2 23. a4 Bc3 24. Qf4 g5 25. Qxd6 gxh4 26. Qxe6 Nd4 27. Qd5
hxg3 28. hxg3 Qxg3 29. Qxb7+ Qg7 30. Qd5 Qf6 31. Qd7+ Kg6 32. Qg4+ Qg5 33. Qf5+ 0-1

[Event "Mondiale Semilampo 2016"]
[Site "Doha QAT"]
[Date "2016.12.28"]
[Round "11.60"]
[White "Kayumov, Sergey"]
[Black "Stratonowitsch, Andre"]
[Result "1-0"]
[WhiteTitle "GM"]
[WhiteElo "2505"]
[BlackElo "2138"]
[WhiteFideId "14200880"]
[BlackFideId "24613959"]
[EventDate "2016.12.26"]

1. Nf3 Nf6 2. b3 g6 3. Bb2 Bg7 4. g3 O-O 5. c4 d5 6. cxd5 Qxd5 7. Bg2 Nc6 8. O-O
Qh5 9. h4 e5 10. d3 Bg4 11. Qc1 e4 12. dxe4 Nxe4 13. Bxg7 Kxg7 14. Nh2 Nf6 15.
Nxg4 Qxg4 16. Bf3 Qe6 17. Nc3 Qe5 18. e3 Rad8 19. Bxc6 bxc6 20. Ne2 c5 21. Rd1
Rd6 22. Qc3 Qh5 23. Rxd6 cxd6 24. Nf4 Qe5 25. Qxe5 dxe5 26. Nd3 Nd7 27. Rc1 Rc8
28. e4 f5 29. Rc4 fxe4 30. Rxe4 Kf6 31. f3 Rc6 32. Ra4 a6 33. Rc4 Ke6 34. Kf2
Kd5 35. Re4 Rb6 36. Ke2 Re6 37. Kd2 Rf6 38. Ke3 Re6 39. Rc4 Rc6 40. Ra4 Rb6 41.
Ra5 Rc6 42. Nb4+ Kd6 43. Nxc6 Kxc6 44. Rxa6+ Kb5 45. Rd6 Nb6 46. Rxb6+ Kxb6 47.
Ke4 1-0

[Event "Mondiale Semilampo 2016"]
[Site "Doha QAT"]
[Date "2016.12.28"]
[Round "12.4"]
[White "Amonatov, Farrukh"]
[Black "Korobov, Anton"]
[Result "1/2-1/2"]
[WhiteTitle "GM"]
[BlackTitle "GM"]
[WhiteElo "2620"]
[BlackElo "2692"]
[WhiteFideId "14700077"]
[BlackFideId "14105730"]
[EventDate "2016.12.26"]

1. e4 c5 2. Nf3 Nc6 3. d4 cxd4 4. Nxd4 Qb6 5. Nb3 Nf6 6. Nc3 e6 7. Qe2 Bb4 8.
Bd2 O-O 9. O-O-O d5 10. exd5 exd5 11. Be3 Qc7 12. Nb5 Qd8 13. f3 a6 14. N5d4 Re8
15. Qf2 Ne5 16. Bd2 Bd6 17. Kb1 a5 18. Bb5 a4 19. Nc1 Bd7 20. g4 Bc5 21. Bxd7
Nfxd7 22. Bc3 Qb6 23. Rhe1 Rec8 24. Nd3 Nxd3 25. Rxd3 Bf8 26. Qd2 a3 27. b3 Nc5
28. Rde3 Na4 29. Ba1 Bb4 30. c3 Bf8 31. Nf5 Nc5 32. Qxd5 Qg6 33. h4 Rd8 34. h5
Rxd5 35. hxg6 fxg6 36. c4 Rd3 37. Ne7+ Kf7 38. Nd5 Rxe3 39. Rxe3 h5 40. Kc2 Bd6
41. b4 Ne6 42. c5 Bg3 43. f4 Bxf4 44. Rxe6 Kxe6 45. Nxf4+ Kf7 46. gxh5 g5 47.
Ng6 Re8 48. b5 Re2+ 49. Kb3 Rh2 50. c6 bxc6 51. b6 Rh1 52. Bd4 Ke6 53. Kxa3 Kd7
54. Ne5+ Kc8 55. Nxc6 g4 56. Na5 Rxh5 57. b7+ Kc7 58. Be5+ Rxe5 59. b8=Q+ Kxb8
60. Nc6+ Kb7 61. Nxe5 g3 62. Nf3 g2 63. Kb4 Kb6 64. a4 g5 65. a5+ Ka6 66. Ka4 g4
67. Ng1 Kb7 68. Kb5 Ka7 69. Ne2 Kb7 70. a6+ Ka7 71. Ka5 Kb8 72. Kb6 Ka8 73. a7
g3 74. Ka6 g1=Q 75. Nxg1 g2 76. Ne2 1/2-1/2

[Event "Mondiale Semilampo 2016"]
[Site "Doha QAT"]
[Date "2016.12.28"]
[Round "12.5"]
[White "Dominguez Perez, Leinier"]
[Black "Aronian, Levon"]
[Result "1-0"]
[WhiteTitle "GM"]
[BlackTitle "GM"]
[WhiteElo "2739"]
[BlackElo "2785"]
[WhiteFideId "3503240"]
[BlackFideId "13300474"]
[EventDate "2016.12.26"]

1. e4 e5 2. Nf3 Nc6 3. Bb5 a6 4. Ba4 Nf6 5. O-O Be7 6. Re1 b5 7. Bb3 O-O 8. a4
b4 9. d4 d6 10. dxe5 dxe5 11. Nbd2 Bc5 12. Qe2 Qe7 13. h3 Rd8 14. Nc4 Nd4 15.
Nxd4 Rxd4 16. Be3 Rxe4 17. Qf3 Bb7 18. Na5 Rxe3 19. Qxb7 Rxe1+ 20. Rxe1 Re8 21.
Qxa6 e4 22. Nc4 e3 23. Nxe3 Ne4 24. Qc4 g6 25. Ng4 Nd2 26. Qxf7+ 1-0